[Event "San Francisco TNM Summer op"]
[Site "San Francisco"]
[Date "2015.06.16"]
[Round "4"]
[White "Clemens, Kristian"]
[Black "Rakonitz, David"]
[Result "1-0"]
[WhiteElo "1887"]
[BlackElo "1613"]
[PlyCount "151"]
[EventDate "2015.05.26"]
[EventType "swiss"]
[EventRounds "8"]
[EventCountry "USA"]
[SourceTitle "EXT 2016"]
[Source "ChessBase"]
[SourceDate "2015.10.08"]
[SourceVersion "1"]
[SourceVersionDate "2015.10.08"]
[SourceQuality "1"]

1. d4 Nf6 2. c4 e6 3. Nf3 b6 4. Nc3 Bb4 5. Qb3 c5 6. a3 Bxc3+ 7. bxc3 Qc7 8. g3 Bb7 9. Bf4 d6 10. Bg2 0-0 11. 0-0 Nbd7 12. Rad1 e5 13. Be3 Rac8 14. dxe5 dxe5 15. Nh4 Bxg2 16. Kxg2 Rcd8 17. Nf5 h6 18. Qc2 Nb8 19. Qc1 Ng4 20. h3 Nxe3+ 21. Qxe3 Nc6 22. Qe4 Ne7 23. Nxe7+ Qxe7 24. Rd5 Rxd5 25. cxd5 f5 26. Qc4 Qb7 27. f4 e4 28. e3 Rd8 29. Rd1 Kf8 30. d6 Qf7 31. Qb5 Rd7 32. c4 Qe6 33. Qc6 Kf7 34. a4 Kf6 35. Rd5 Qe8 36. Re5 Qd8 37. Qd5 Rxd6 38. Rxf5+ Kg6 39. Qxe4 Rd2+ 40. Kf3 Rf2+ 41. Kg4 Qd7 42. Qe5 h5+ 43. Kh4 Qxf5 44. Qe8+ Kh7 45. e4 Qf6+ 46. Kxh5 Qh6+ 47. Kg4 Qg6+ 48. Qxg6+ Kxg6 49. e5 Kf7 50. h4 Rc2 51. Kf5 Rxc4 52. h5 Rd4 53. g4 c4 54. g5 Rd8 55. e6+ Ke7 56. Kg6 Kxe6 57. Kxg7 Rd7+ 58. Kg6 c3 59. f5+ Ke7 60. h6 Kf8 61. h7 Rxh7 62. Kxh7 c2 63. g6 Ke7 64. Kg7 Ke8 65. f6 c1Q 66. f7+ Kd7 67. f8Q Qa1+ 68. Kg8 Qxa4 69. Qf7+ Kd6 70. Kf8 Qc2 71. Qe7+ Kc6 72. Qf6+ Kb5 73. g7 Qc8+ 74. Kf7 Qc7+ 75. Kg6 Qc8 76. Qf5+ 1-0

[Event "San Francisco TNM Summer op"]
[Site "San Francisco"]
[Date "2015.06.02"]
[Round "2"]
[White "Clemens, Kristian"]
[Black "Traub, Igor Vladimirovich"]
[Result "1/2-1/2"]
[WhiteElo "1887"]
[BlackElo "2097"]
[PlyCount "115"]
[EventDate "2015.05.26"]
[EventType "swiss"]
[EventRounds "8"]
[EventCountry "USA"]
[SourceTitle "EXT 2016"]
[Source "ChessBase"]
[SourceDate "2015.10.08"]
[SourceVersion "1"]
[SourceVersionDate "2015.10.08"]
[SourceQuality "1"]

1. d4 d5 2. c4 c6 3. Nc3 Nf6 4. Nf3 a6 5. Bg5 Ne4 6. Nxe4 dxe4 7. Nd2 Qxd4 8. Qc2 Qe5 9. Bh4 e3 10. fxe3 g6 11. Nf3 Qa5+ 12. Nd2 Bg7 13. e4 Nd7 14. a3 Qe5 15. Rb1 Nf6 16. Bg3 Qa5 17. e3 Ng4 18. Qd3 Qc5 19. Bf2 Be6 20. b4 Qe5 21. Bg3 Qc3 22. Qxc3 Bxc3 23. Rb3 Bg7 24. Be2 0-0-0 25. h3 Ne5 26. Bxe5 Bxe5 27. Bg4 Bxg4 28. hxg4 h5 29. gxh5 Rxh5 30. Rxh5 gxh5 31. Nf3 Bg3+ 32. Ke2 Rd6 33. Nd4 e6 34. Rb1 Kd8 35. Rh1 h4 36. Nf3 Ke7 37. Nxh4 Bxh4 38. Rxh4 e5 39. Rh5 Re6 40. Rh8 Rg6 41. Kf2 Rf6+ 42. Ke2 Rg6 43. Rb8 Rxg2+ 44. Kf3 Ra2 45. Rxb7+ Ke6 46. Rb6 Rxa3 47. Rxc6+ Kd7 48. b5 axb5 49. cxb5 Rb3 50. Rc5 Kd6 51. Rc6+ Kd7 52. Rc5 f6 53. Rd5+ Ke6 54. Rc5 Kf7 55. Rd5 Rb4 56. Rc5 Ke6 57. Rc6+ Ke7 58. b6 1/2-1/2

[Event "San Francisco TNM Spring op"]
[Site "San Francisco"]
[Date "2015.05.05"]
[Round "8"]
[White "Clemens, Kristian"]
[Black "Maser, Thomas F"]
[Result "0-1"]
[WhiteElo "1877"]
[BlackElo "1956"]
[PlyCount "112"]
[EventDate "2015.03.17"]
[EventType "swiss"]
[EventRounds "8"]
[EventCountry "USA"]
[SourceTitle "EXT 2016"]
[Source "ChessBase"]
[SourceDate "2015.10.08"]
[SourceVersion "1"]
[SourceVersionDate "2015.10.08"]
[SourceQuality "1"]

1. d4 Nf6 2. c4 e6 3. Nf3 Bb4+ 4. Bd2 a5 5. a3 Bxd2+ 6. Nbxd2 d5 7. e3 0-0 8. Rc1 b6 9. cxd5 exd5 10. Ne5 c5 11. Bd3 Ba6 12. Bxa6 Nxa6 13. 0-0 c4 14. Qa4 Qe8 15. Qc6 Qxc6 16. Nxc6 Rfe8 17. b3 Re6 18. Ne5 b5 19. bxc4 bxc4 20. Rb1 Nc5 21. Nexc4 Nce4 22. Nxe4 Nxe4 23. Nb6 Rd8 24. Rfc1 Kf8 25. Rb5 Red6 26. f3 Nf6 27. Rc8 Rxc8 28. Nxc8 Rc6 29. Nb6 Rc1+ 30. Kf2 Rc2+ 31. Kg3 Rc3 32. Rxa5 Rxe3 33. a4 Ra3 34. Rc5 Ne4+ 35. Kf4 Nxc5 36. dxc5 f6 37. c6 Rc3 38. Nd7+ Ke8 39. Nb6 Rxc6 40. a5 Rc5 41. a6 Ra5 42. a7 Rxa7 43. Nxd5 Ra4+ 44. Ke3 Ra2 45. Nf4 g5 46. Ne2 Kf7 47. g3 Kg6 48. h3 f5 49. f4 h6 50. Kf3 Ra3+ 51. Kg2 Kf6 52. fxg5+ hxg5 53. Kf2 Ke5 54. Kg2 Ke4 55. Kf2 Rf3+ 56. Kg2 f4 0-1

[Event "San Francisco TNM Spring op"]
[Site "San Francisco"]
[Date "2015.04.14"]
[Round "5"]
[White "Stuetzel, Ezra G"]
[Black "Clemens, Kristian"]
[Result "1/2-1/2"]
[WhiteElo "1549"]
[BlackElo "1877"]
[PlyCount "104"]
[EventDate "2015.03.17"]
[EventType "swiss"]
[EventRounds "8"]
[EventCountry "USA"]
[SourceTitle "EXT 2016"]
[Source "ChessBase"]
[SourceDate "2015.10.08"]
[SourceVersion "1"]
[SourceVersionDate "2015.10.08"]
[SourceQuality "1"]

1. d4 d5 2. c4 e6 3. Nc3 Nf6 4. Bg5 Be7 5. e3 Nbd7 6. Rc1 0-0 7. Bd3 dxc4 8. Bxc4 c5 9. Nf3 cxd4 10. Nxd4 Nb6 11. Bd3 Nfd5 12. Bxe7 Qxe7 13. 0-0 e5 14. Nf5 Qg5 15. Nd6 Bg4 16. Nde4 Nxc3 17. Rxc3 Qh5 18. Qc2 Nd5 19. Rc4 b5 20. Ng3 Qg5 21. Bxh7+ Kh8 22. Rc5 Nb4 23. Qe4 f5 24. Bxf5 Bxf5 25. Nxf5 Qxf5 26. Qxb4 a6 27. Qh4+ Kg8 28. f4 Rae8 29. Qg3 Rf7 30. Qf3 Qd3 31. Rc3 Qd2 32. Qf2 Qd5 33. f5 b4 34. Rb3 a5 35. Qc2 e4 36. a3 bxa3 37. Rxa3 Rxf5 38. Rxf5 Qxf5 39. Qc3 Rc8 40. Rxa5 Rxc3 41. Rxf5 Rxe3 42. Rb5 Re2 43. h4 e3 44. Kh2 Rd2 45. Kg3 e2 46. Kf2 e1Q+ 47. Kxe1 Rxg2 48. Kd1 Kh7 49. Kc1 Rg4 50. h5 g6 51. Kd2 g5 52. Rb6 Rh4 1/2-1/2